| 000 | 00494nam a22001937a 4500 | ||
|---|---|---|---|
| 003 | OSt | ||
| 005 | 20220107122827.0 | ||
| 008 | 170630b xxu||||| |||| 00| 0 eng d | ||
| 020 | _a9786169027966 | ||
| 040 | _cIIITMK | ||
| 082 | _a204.35 CHA/O | ||
| 100 |
_aChah, Ajahn _912063 |
||
| 245 | _aOn meditation | ||
| 260 |
_aTaiwan, _bThe corporate body of the budha educational foundation, _c2010. |
||
| 300 | _a38p | ||
| 650 |
_aBUDDHA _912064 |
||
| 650 |
_aMEDITATION _912065 |
||
| 942 |
_2ddc _cBK |
||
| 999 |
_c5673 _d5673 |
||